Quản trị đầu tư nhà hàng khách sạn

Đã lưu trong:
书目详细资料
主要作者: Nguyễn, Văn Dung
格式: 图书
语言:Undetermined
出版: Hà Nội Giao thông vận tải 2012
主题:
标签: 添加标签
没有标签, 成为第一个标记此记录!
Thư viện lưu trữ: Trung tâm Học liệu Trường Đại học Cần Thơ
LEADER 00578nam a2200193Ia 4500
001 CTU_180956
008 210402s9999 xx 000 0 und d
020 |c 65000 
082 |a 647.94068 
082 |b D513 
100 |a Nguyễn, Văn Dung 
245 0 |a Quản trị đầu tư nhà hàng khách sạn 
245 0 |c Nguyễn Văn Dung 
260 |a Hà Nội 
260 |b Giao thông vận tải 
260 |c 2012 
650 |a Hotel management,Quản lý khách sạn 
910 |a Nguyên 
980 |a Trung tâm Học liệu Trường Đại học Cần Thơ